000 00727nam a2200253Ia 4500
003 OSt
005 20220918220619.0
006 a|||||r|||| 00| 0
007 ta
008 220917b |||||||| |||| 00| 0 eng d
024 _a146,527
037 _cTextual
040 _aARTS
_cARTS
_beng
041 _2eng
_aeng
082 _aY41(T).1.N7, L7
245 0 _aChanging role of the teacher
_b International persepectives
260 _aParis
_bUnesco
_c1977
300 _a234p.
_ccm.
490 _aIBE studies and surveys in comparative education
500 _aAppendix p194-218 (I-IV); Bibliography p219-230
650 _aSOCIOLOGY
942 _hY41(T).1.N7, L7
_cTEXL
_2CC
999 _c269283
_d269283